| 000 | 00654nam a2200217Ia 4500 | ||
|---|---|---|---|
| 003 | OSt | ||
| 005 | 20251215111930.0 | ||
| 008 | 220917b |||||||| |||| 00| 0 eng d | ||
| 037 | _cTB | ||
| 040 |
_aARTS _cARTS _beng |
||
| 041 |
_2eng _aeng |
||
| 084 |
_a Q4:(V2y7C76) M3 _qAL |
||
| 100 |
_aStrong John S _977030 |
||
| 245 | 0 |
_aLegend of King Asoka: _b a study and translation of teh Asokabvadana |
|
| 260 |
_aDelhi,India: _bMotilal Banarasidass, _c1989. |
||
| 300 |
_axiii,336p. _ccm. |
||
| 490 | _aBuddhist traditions | ||
| 650 |
_aRELIGION _9856531 |
||
| 942 |
_hQ4:2.C729, M3 _cTB _2CC _n0 |
||
| 999 |
_c191163 _d191163 |
||